Islami Janghen / (Record no. 187934)
[ view plain ]
| 000 -LEADER | |
|---|---|
| fixed length control field | 00369 a2200157 4500 |
| 003 - CONTROL NUMBER IDENTIFIER | |
| control field | Nust |
| 005 - DATE AND TIME OF LATEST TRANSACTION | |
| control field | 20230310120212.0 |
| 040 ## - CATALOGING SOURCE | |
| Transcribing agency | Nust |
| 082 ## - DEWEY DECIMAL CLASSIFICATION NUMBER | |
| Classification number | 297.72,ZAA |
| 100 ## - MAIN ENTRY--PERSONAL NAME | |
| Personal name | Kaif zaa |
| 9 (RLIN) | 110142 |
| 245 ## - TITLE STATEMENT | |
| Title | Islami Janghen / |
| Statement of responsibility, etc. | Kaif Zaa |
| 260 ## - PUBLICATION, DISTRIBUTION, ETC. | |
| Place of publication, distribution, etc. | Lahore |
| Name of publisher, distributor, etc. | Muktiba Quresh |
| 300 ## - PHYSICAL DESCRIPTION | |
| Extent | 320:p |
| 650 ## - SUBJECT ADDED ENTRY--TOPICAL TERM | |
| Topical term or geographic name entry element | Islamic War (Urdu) |
| 9 (RLIN) | 110143 |
| 942 ## - ADDED ENTRY ELEMENTS (KOHA) | |
| Source of classification or shelving scheme | |
| Koha item type | Book |
| Call number prefix | 297.72,ZAA |
| Withdrawn status | Lost status | Source of classification or shelving scheme | Damaged status | Not for loan | Permanent Location | Current Location | Shelving location | Date acquired | Full call number | Barcode | Date last seen | Price effective from | Koha item type | Public note |
|---|---|---|---|---|---|---|---|---|---|---|---|---|---|---|
| Military College of Signals (MCS) | Military College of Signals (MCS) | General Stacks | 12/12/2016 | 297.72,ZAA | MCS33979 | 12/08/2016 | 12/12/2016 | Book | Almirh No 64, Shelf No 4 |
